| 000 | 01169cam a2200337 i 4500 | ||
|---|---|---|---|
| 001 | 200447704 | ||
| 999 |
_c200447704 _d65916 |
||
| 003 | TR-AnTOB | ||
| 005 | 20260310145557.0 | ||
| 007 | ta | ||
| 008 | 220223s1999 tu a 000 0 tur d | ||
| 020 | _a9756918349 | ||
| 040 |
_aTR-AnTOB _beng _erda _cTR-AnTOB |
||
| 041 | 0 | _atur | |
| 050 |
_aHC493 .K375 _bK37 1999 |
||
| 090 |
_aTOBBK HC493 .K375 _bK37 1999 |
||
| 245 | 0 | 0 |
_aKarabük sanayi potansiyeli ve yatırım alanları araştırması / _cHazırlayanlar Ahmet Sarıgül [and three others]. |
| 264 | 1 |
_aAnkara : _bSanayi ve Ticaret Bakanlığı, _c1999. |
|
| 300 |
_a65 pages : _billustrations, graphics ; _c29 cm |
||
| 336 |
_btxt _atext _2rdacontent |
||
| 337 |
_aunmediated _bn _2rdamedia |
||
| 338 |
_avolume _bnc _2rdacarrier |
||
| 490 | 1 |
_aSanayi ve Ticaret Bakanlığı ; _v66 |
|
| 650 | 7 |
_aEndüstrileşme _zTürkiye _2etuturkob _969834 |
|
| 650 | 0 |
_aYatırımlar _zTürkiye _992197 |
|
| 651 | 0 |
_aKarabük (Türkiye) _xEkonomik durum _963037 |
|
| 700 |
_aSarıgül, Ahmet _9128112 |
||
| 830 | 1 |
_aSanayi ve Ticaret Bakanlığı ; _v66 |
|
| 942 |
_2z _cBK |
||